000 00584ntaaa2200193 4500
003 01
005 20251027202636.0
008 0714s1973 ag 01
040 _aAR-BaBN
_bspa
_cAR-BaBN
_eaacr
_dRIC
082 _a372.2100 V54
100 _aVelazquez Martins, Raul A
_925792
245 _aGuías didácticas para jardines de infantes
250 _a2 ed.
260 _aBuenos Aires :
_bEditorial La Ilustración,
_c1966
300 _as.p.
500 _aSe presenta según el método "Froebeliano" de Augusto Guillermo Federico Froebel
650 _ajardín de infantes
942 _cBK
999 _c21575
_d21575